000
00199nam a2200085 4500
001
1257659
005
20260218083540.0
245
_a
kayıp isimler krallığı
_c
figen yaman coşar
260
_b
erdem genç
999
_c
1257659
_d
1257659